| 000 | 00642nam a2200205Ia 4500 | ||
|---|---|---|---|
| 003 | GCL | ||
| 008 | 140319s9999 xx 000 0 ara d | ||
| 020 | _a5\23\5930\977 | ||
| 040 |
_aGCL / _cGCL |
||
| 082 | 0 | 4 |
_a814 _bع د |
| 100 | 1 | _aعادل حموده | |
| 245 | 1 | 0 |
_aالديمقراطية ولعبة الكلاب البوليسية / _cعادل حموده |
| 250 | _aالاولى | ||
| 260 |
_aالقاهرة : _bالفرسان للنشر ، _c2003 |
||
| 300 |
_a159 ص ؛ _c20 سم |
||
| 650 | 0 | 4 | _aالمقالات العربية |
| 650 | 0 | 4 | _aالمقالات |
| 650 | 0 | 4 | _aالمقالات - مجموعات |
| 942 |
_2ddc _cBK |
||
| 999 |
_c32790 _d32790 |
||